Normal view MARC view
  • MICROWAVE INTEGRATED CIRCUIT MICROWAVES TRANSMISSION LINES STRIP TRANSMISSION LINES

Entry Topical Term

Number of records used in: 1

001 - CONTROL NUMBER

  • control field: 73842

003 - CONTROL NUMBER IDENTIFIER

  • control field: NUST

005 - DATE AND TIME OF LATEST TRANSACTION

  • control field: 20210628205106.0

008 - FIXED-LENGTH DATA ELEMENTS

  • fixed length control field: 210628|| aca||aabn | a|a d

040 ## - CATALOGING SOURCE

  • Original cataloging agency: NUST
  • Transcribing agency: NUST

150 ## - HEADING--TOPICAL TERM

  • Topical term or geographic name entry element: MICROWAVE INTEGRATED CIRCUIT MICROWAVES TRANSMISSION LINES STRIP TRANSMISSION LINES

670 ## - SOURCE DATA FOUND

  • Source citation: Work cat.: (NUST): Gupta, K. C 71064, Microstrip lines and slotlines, 1996
© 2023 Central Library, National University of Sciences and Technology. All Rights Reserved.